000 00874nmm a2200277 a 4500
001 ocm0002015791
003 TR-IsHL
005 20201028180811.0
008 181221s2018 tu tur
007 cr cn
020 _a9789755202662
035 _a2015791
_b(N$T)
050 0 4 _aPL248.A453
_bY56 2018
090 0 4 _aPL248.A453
_bY56 2018
100 1 _aAdıbeş, Mahir
245 1 0 _aYine başladı türkülerine
_h[electronic resource] /
_cMahir Adıbeş
250 _aBirinci Baskı
260 _aİstanbul :
_bSam Yayınları,
_c2018
300 _a126 p.
650 4 _aDil ve Edebiyat
650 4 _aLanguage and Literature
650 0 _aTürk öyküleri
650 0 _aTürkish storyes
650 7 _aLITERARY COLLECTIONS / Middle Eastern
_2bisacsh
856 4 0 _uhttp://search.ebscohost.com/login.aspx?direct=true&scope=site&db=e011xww&AN=2015791
999 _c19309
_d19309